[Event "23rd olm final"]
[Site "Buenos Aires"]
[Date "1978.10.26"]
[Round "2.1"]
[White "Hamann, Svend"]
[Black "Sisniega, Marcel"]
[Result "1/2-1/2"]
[WhiteElo "2470"]
[BlackElo "2455"]
[EventDate "1978.10.25"]
[WhiteTeam "Denmark"]
[BlackTeam "Mexico"]
[PlyCount "171"]

1.e4 e6 2.d4 d5 3.Nd2 Nf6 4.e5 Nfd7 5.Bd3 c5 6.c3 Nc6 7.Ne2 cxd4 8.cxd4 f6
9.exf6 Nxf6 10.O-O Bd6 11.Nf3 Qc7 12.Nc3 a6 13.Bg5 O-O 14.Bh4 Bd7 15.Re1
Kh8 16.Bg3 Bxg3 17.hxg3 Rae8 18.Rc1 Qb8 19.Bb1 e5 20.dxe5 Nxe5 21.Qd4 Nc6
22.Qh4 Qd6 23.Rxe8 Bxe8 24.Rd1 h6 25.Nxd5 Ne7 26.Ne3 Qb6 27.Qd4 Qxd4 28.
Rxd4 Bg6 29.Bxg6 Nxg6 30.g4 Rc8 31.g5 hxg5 32.Nxg5 Kg8 33.g3 Kf8 34.Ne6+
Kg8 35.Nf5 Re8 36.Rd6 Ne4 37.Rb6 Ne5 38.Nexg7 Nf3+ 39.Kg2 Ne1+ 40.Kh3
Nxf2+ 41.Kh4 Nf3+ 42.Kh5 Rb8 43.Ne6 Ne4 44.Rb4 Nf6+ 45.Kg6 Nd5 46.Re4 b5
47.Nh4 Nxh4+ 48.gxh4 Rc8 49.h5 Rc2 50.h6 Ne7+ 51.Kf6 Nd5+ 52.Ke5 Ne7 53.
Ng5 Rc6 54.h7+ Kg7 55.Re2 Ng6+ 56.Kd5 Rf6 57.Ne6+ Kxh7 58.Kc5 Kg8 59.b3
Ne7 60.Nd8 Kf8 61.Rd2 Ke8 62.Kb4 Nc6+ 63.Nxc6 Rxc6 64.Ka5 Ke7 65.b4 Rh6
66.Rd3 Rg6 67.Rd5 Rh6 68.Rd3 Rg6 69.Rh3 Kd8 70.Rh7 Kc8 71.Ra7 Rg2 72.Rxa6
Rxa2+ 73.Kxb5 Rh2 74.Kb6 Kb8 75.b5 Rh6+ 76.Ka5 Rh8 77.Rg6 Rf8 78.Ka6 Rh8
79.Rg7 Rh6+ 80.b6 Rh8 81.Rb7+ Ka8 82.Rd7 Kb8 83.Rd6 Rg8 84.b7 Rh8 85.Kb6
Rh6 86.Rxh6 1/2-1/2

[Event "23rd olm final"]
[Site "Buenos Aires"]
[Date "1978.10.26"]
[Round "2.3"]
[White "Kristiansen, Jens"]
[Black "Villarreal, Jose Felix"]
[Result "1-0"]
[WhiteElo "2395"]
[BlackElo "2325"]
[EventDate "1978.10.25"]
[WhiteTeam "Denmark"]
[BlackTeam "Mexico"]
[PlyCount "73"]

1.e4 e6 2.d4 d5 3.Nd2 Nf6 4.e5 Nfd7 5.f4 c5 6.c3 Nc6 7.Ndf3 Rb8 8.Bd3 b5
9.f5 exf5 10.Bxf5 cxd4 11.cxd4 Bb4+ 12.Bd2 Bxd2+ 13.Qxd2 Nb6 14.Bd3 Nc4
15.Qc3 Qb6 16.b3 Ne3 17.Ne2 Bg4 18.Rc1 Rc8 19.Qc5 Qxc5 20.Rxc5 Nxg2+ 21.
Kf2 Bxf3 22.Bxb5 Be4 23.Rhc1 O-O 24.Rxc6 Rb8 25.Ba4 Nh4 26.Rc7 a6 27.Nc3
Nf5 28.Nxe4 dxe4 29.d5 Rfd8 30.d6 Kf8 31.Bc6 e3+ 32.Ke2 f6 33.Bd5 Ke8 34.
exf6 Rxd6 35.fxg7 Nxg7 36.Rxg7 Kf8 37.Bg8 1-0

[Event "23rd olm final"]
[Site "Buenos Aires"]
[Date "1978.10.26"]
[Round "2.4"]
[White "Aldrete, Jorge"]
[Black "Fedder, Steen"]
[Result "1/2-1/2"]
[WhiteElo "2310"]
[BlackElo "2400"]
[EventDate "1978.10.25"]
[WhiteTeam "Mexico"]
[BlackTeam "Denmark"]
[PlyCount "95"]

1.e4 c5 2.Nf3 d6 3.d4 cxd4 4.Nxd4 Nf6 5.Nc3 a6 6.Bg5 e6 7.f4 Qb6 8.Nb3
Nbd7 9.Qf3 Be7 10.Bh4 Qc7 11.O-O-O b5 12.Bxf6 Nxf6 13.Bd3 Bb7 14.Nd4 Rc8
15.Rd2 Qa5 16.Nb3 Qb6 17.Re1 O-O 18.g4 Rxc3 19.bxc3 e5 20.h4 Nd7 21.g5
exf4 22.Qxf4 Qc7 23.Re3 Ne5 24.Be2 Bc8 25.Rg3 Bd7 26.Qf2 Rb8 27.Kd1 g6 28.
h5 a5 29.Ke1 a4 30.Nd4 b4 31.cxb4 Rxb4 32.Qf4 Nc4 33.hxg6 hxg6 34.Rc3 Qc5
35.Bxc4 Rxc4 36.Rxc4 Qxc4 37.Qg3 Qc5 38.Ne2 Bc6 39.Nc3 Bxg5 40.Rxd6 Bh4
41.Qxh4 Qxd6 42.Qh3 Kg7 43.Qd3 Qc5 44.Kd2 g5 45.Ne2 g4 46.a3 Qg5+ 47.Qe3
Qa5+ 48.Kd1 1/2-1/2

[Event "23rd olm final"]
[Site "Buenos Aires"]
[Date "1978.10.27"]
[Round "3.1"]
[White "Jakobsen, Ole"]
[Black "Garcia, Gildardo"]
[Result "1-0"]
[WhiteElo "2400"]
[BlackElo "2365"]
[EventDate "1978.10.25"]
[WhiteTeam "Denmark"]
[BlackTeam "Columbia"]
[PlyCount "91"]

1.e4 e5 2.Nc3 Nf6 3.Nf3 Nc6 4.Bb5 d6 5.d4 exd4 6.Qxd4 Bd7 7.Bxc6 Bxc6 8.
Bg5 Be7 9.O-O-O O-O 10.Rhe1 Re8 11.Kb1 h6 12.Bc1 Ng4 13.Nd5 Bf6 14.Qd2
Bxd5 15.exd5 Qd7 16.h3 Ne5 17.Nxe5 Bxe5 18.Qd3 Bf6 19.g4 Rxe1 20.Rxe1 Re8
21.Qf5 Qd8 22.Re4 Rxe4 23.Qxe4 Qe7 24.Qxe7 Bxe7 25.c4 Bf6 26.Be3 a6 27.Kc2
Kf8 28.b4 Ke7 29.Kd3 b5 30.c5 Kd7 31.c6+ Ke8 32.Bd2 Kf8 33.Ke4 Kg8 34.Bf4
Be7 35.h4 Kf8 36.h5 Ke8 37.Kf5 Kf8 38.Be3 Kg8 39.Bd4 Kh7 40.f4 Kg8 41.g5
Bd8 42.gxh6 gxh6 43.Bf6 Bxf6 44.Kxf6 Kf8 45.f5 Ke8 46.Kg7 1-0

[Event "23rd olm final"]
[Site "Buenos Aires"]
[Date "1978.10.27"]
[Round "3.2"]
[White "Rodriguez, Daniel Mauricio"]
[Black "Kristiansen, Jens"]
[Result "0-1"]
[WhiteElo "2230"]
[BlackElo "2395"]
[EventDate "1978.10.25"]
[WhiteTeam "Colombia"]
[BlackTeam "Denmark"]
[PlyCount "74"]

1.c4 g6 2.Nc3 Bg7 3.e4 c5 4.f4 Nc6 5.Nf3 d6 6.Be2 e6 7.O-O Nge7 8.d3 O-O
9.Qe1 f5 10.Kh1 Rb8 11.Qh4 Nd4 12.g4 Nxe2 13.Nxe2 b5 14.cxb5 Rxb5 15.Nc3
Rb4 16.a3 Rb3 17.Rf2 Nc6 18.Qxd8 Rxd8 19.gxf5 gxf5 20.Rg2 Nd4 21.Nd2 Ba6
22.Rg3 Rbb8 23.b4 Kf7 24.Ra2 Nc6 25.b5 Bxb5 26.Nxb5 Rxb5 27.exf5 exf5 28.
Nf3 Rb1 29.Rg1 Nd4 30.Ng5+ Kg8 31.Rag2 Rd7 32.Re1 h6 33.Re8+ Bf8 34.Nh3+
Kf7 35.Re1 Re7 36.Rgg1 Rxe1 37.Rxe1 Nb3 0-1

[Event "23rd olm final"]
[Site "Buenos Aires"]
[Date "1978.10.27"]
[Round "3.4"]
[White "Agudelo, Antonio"]
[Black "Hoi, Carsten"]
[Result "1-0"]
[WhiteElo "2305"]
[BlackElo "2340"]
[EventDate "1978.10.25"]
[WhiteTeam "Colombia"]
[BlackTeam "Denmark"]
[PlyCount "81"]

1.Nf3 g6 2.g3 Bg7 3.Bg2 Nf6 4.b3 O-O 5.Bb2 d6 6.d4 c6 7.O-O Nbd7 8.c4 Qc7
9.Nc3 Re8 10.d5 Ne4 11.Nd4 Nxc3 12.Bxc3 cxd5 13.Bxd5 Nf6 14.Bg2 Bd7 15.Rc1
a6 16.Qd2 Rac8 17.Ba1 Red8 18.Qb4 e5 19.Nc2 Bc6 20.Bh3 Bd7 21.Bxd7 Qxd7
22.Rcd1 Qc6 23.Ne3 b5 24.Rd3 Bh6 25.cxb5 axb5 26.Qh4 Bg7 27.Rfd1 Qb6 28.
Bb2 Qc5 29.Rc3 Qb6 30.Rxc8 Rxc8 31.Qb4 Rc6 32.a4 bxa4 33.Qxa4 Bh6 34.Nc4
Qc7 35.Ba3 Bf8 36.Qa8 Kg7 37.Nxe5 Rc2 38.Nd3 Rxe2 39.Bb2 Be7 40.Qf3 Re6
41.Nf4 1-0

[Event "23rd olm final"]
[Site "Buenos Aires"]
[Date "1978.10.28"]
[Round "4.1"]
[White "Gligoric, Svetozar"]
[Black "Hamann, Svend"]
[Result "1/2-1/2"]
[WhiteElo "2565"]
[BlackElo "2470"]
[EventDate "1978.10.25"]
[WhiteTeam "Yugoslavia"]
[BlackTeam "Denmark"]
[PlyCount "67"]

1.d4 d5 2.c4 c6 3.Nf3 Nf6 4.Nc3 e6 5.e3 Nbd7 6.Bd3 dxc4 7.Bxc4 b5 8.Bd3 b4
9.Ne4 Be7 10.Nxf6+ Nxf6 11.e4 Bb7 12.O-O Nd7 13.Be3 O-O 14.Rc1 Rc8 15.Qa4
a5 16.Rfd1 c5 17.dxc5 Nxc5 18.Bxc5 Rxc5 19.Rxc5 Bxc5 20.Qc2 Qb6 21.Bc4 Rd8
22.Rxd8+ Qxd8 23.h3 Bb6 24.Be2 g6 25.a3 bxa3 26.bxa3 Qd6 27.a4 Qb4 28.Bd3
Bc5 29.Qb1 Qxb1+ 30.Bxb1 Ba6 31.Ne5 Be2 32.Bd3 Bd1 33.Nc4 Bb4 34.Nb2
1/2-1/2

[Event "23rd olm final"]
[Site "Buenos Aires"]
[Date "1978.10.28"]
[Round "4.2"]
[White "Jakobsen, Ole"]
[Black "Ljubojevic, Ljubomir"]
[Result "1/2-1/2"]
[WhiteElo "2400"]
[BlackElo "2605"]
[EventDate "1978.10.25"]
[WhiteTeam "Denmark"]
[BlackTeam "Yugoslavia"]
[PlyCount "55"]

1.e4 c5 2.Nf3 d6 3.d4 Nf6 4.Nc3 cxd4 5.Nxd4 a6 6.a4 g6 7.Be2 Bg7 8.O-O
Nbd7 9.a5 b5 10.axb6 Nxb6 11.Bf3 O-O 12.Nb3 Rb8 13.Be2 Bb7 14.Bd3 Qc7 15.
Qe2 d5 16.Bxa6 Bxa6 17.Rxa6 Nxe4 18.Nxe4 dxe4 19.Qxe4 Qc4 20.Qxc4 Nxc4 21.
Nc5 Rfc8 22.Nd3 Nxb2 23.Bxb2 Bxb2 24.Ra2 Bd4 25.Re1 e5 26.g3 f5 27.h4 Bc3
28.Re2 1/2-1/2

[Event "23rd olm final"]
[Site "Buenos Aires"]
[Date "1978.10.28"]
[Round "4.4"]
[White "Fedder, Steen"]
[Black "Parma, Bruno"]
[Result "1/2-1/2"]
[WhiteElo "2400"]
[BlackElo "2540"]
[EventDate "1978.10.25"]
[WhiteTeam "Denmark"]
[BlackTeam "Yugoslavia"]
[PlyCount "40"]

1.d4 Nf6 2.c4 e6 3.g3 d5 4.Nf3 Nbd7 5.Bg2 Be7 6.O-O O-O 7.Qc2 c6 8.b3 b6
9.Ba3 Bb7 10.Bxe7 Qxe7 11.Nbd2 dxc4 12.Nxc4 c5 13.Rfd1 Rfd8 14.Rac1 Rac8
15.Qb2 cxd4 16.Nxd4 Bxg2 17.Kxg2 Nb8 18.Nf3 h6 19.Rxd8+ Qxd8 20.Nce5 Rc7
1/2-1/2

[Event "23rd olm final"]
[Site "Buenos Aires"]
[Date "1978.10.30"]
[Round "5.1"]
[White "Hamann, Svend"]
[Black "Huebner, Robert"]
[Result "1/2-1/2"]
[WhiteElo "2470"]
[BlackElo "2595"]
[EventDate "1978.10.25"]
[WhiteTeam "Denmark"]
[BlackTeam "West Germany"]
[PlyCount "100"]

1.d4 Nf6 2.c4 e6 3.Nc3 Bb4 4.e3 b6 5.Bd3 Bb7 6.Nf3 O-O 7.O-O d5 8.a3 Bxc3
9.bxc3 dxc4 10.Bxc4 c5 11.Bb2 Nbd7 12.Qe2 Qc7 13.Rfc1 Rfe8 14.h3 e5 15.a4
h6 16.a5 bxa5 17.Ba3 Ne4 18.Qa2 Nd6 19.Be2 a4 20.Nd2 Re6 21.d5 Re7 22.c4
Nb6 23.Bb2 Bc8 24.Qa3 Bf5 25.f3 f6 26.e4 Bd7 27.g4 Rb8 28.Rab1 Be8 29.Qe3
Nd7 30.Bd1 Nf8 31.Ba3 Rc8 32.Nf1 Ng6 33.Ng3 Nf4 34.h4 Qa5 35.h5 Rb7 36.
Rxb7 Nxb7 37.Qc3 Qxc3 38.Rxc3 Kf7 39.Bc1 Nd6 40.Ne2 Nxe2+ 41.Bxe2 Ke7 42.
Ba3 Rc7 43.Kf2 Bd7 44.Ke3 Nb7 45.Rc2 Kd6 46.Rb2 Na5 47.Kd3 Rb7 48.Rxb7
Nxb7 49.Kc3 Be8 50.Bc1 Kc7 1/2-1/2

[Event "23rd olm final"]
[Site "Buenos Aires"]
[Date "1978.10.30"]
[Round "5.3"]
[White "Fedder, Steen"]
[Black "Hecht, Hans Joachim"]
[Result "1/2-1/2"]
[WhiteElo "2400"]
[BlackElo "2480"]
[EventDate "1978.10.25"]
[WhiteTeam "Denmark"]
[BlackTeam "West Germany"]
[PlyCount "58"]

1.d4 e6 2.c4 Bb4+ 3.Bd2 Qe7 4.Nc3 Nf6 5.Nf3 O-O 6.Qc2 d6 7.e3 Nbd7 8.Be2
b6 9.a3 Bxc3 10.Bxc3 Bb7 11.b4 Ne4 12.O-O f5 13.Rad1 Ndf6 14.Be1 c5 15.
dxc5 bxc5 16.Nd2 Ng5 17.f3 Nf7 18.Nb3 Rac8 19.bxc5 dxc5 20.Bc3 Ba8 21.Rd2
Rfd8 22.Rxd8+ Rxd8 23.Rd1 Rxd1+ 24.Bxd1 Nd7 25.Be1 Qd6 26.Be2 Qe5 27.Qd2
Qd6 28.Qc2 Qe5 29.Qd2 Qd6 1/2-1/2

[Event "23rd olm final"]
[Site "Buenos Aires"]
[Date "1978.10.30"]
[Round "5.4"]
[White "Borik, Otto"]
[Black "Hoi, Carsten"]
[Result "0-1"]
[WhiteElo "2400"]
[BlackElo "2340"]
[EventDate "1978.10.25"]
[WhiteTeam "West Germany"]
[BlackTeam "Denmark"]
[PlyCount "82"]

1.e4 g6 2.d4 d6 3.Nf3 Bg7 4.Nc3 Nf6 5.Be2 O-O 6.h3 Nc6 7.d5 Ne5 8.O-O
Nxf3+ 9.Bxf3 e5 10.Ne2 c5 11.c4 Ne8 12.b4 f5 13.bxc5 dxc5 14.Be3 fxe4 15.
Bxe4 Nd6 16.Nc3 b6 17.Qb3 Qh4 18.g3 Qh5 19.h4 Bh3 20.Bg2 Bxg2 21.Kxg2 e4
22.Rac1 Rf3 23.Qa4 b5 24.cxb5 Raf8 25.Bxc5 e3 26.Bxe3 Bxc3 27.Rxc3 Qxd5
28.Kg1 Ne4 29.Rc7 Nxg3 30.Rd1 Rxf2 31.Rg7+ Kxg7 32.Qd4+ Qxd4 33.Bxd4+ R2f6
34.Kg2 Nf5 35.Bc3 Kf7 36.Rd7+ Ke6 37.Rxa7 R6f7 38.Ra6+ Kd5 39.b6 Nd6 40.a4
Rf2+ 41.Kg3 Re2 0-1

[Event "23rd olm final"]
[Site "Buenos Aires"]
[Date "1978.10.31"]
[Round "6.2"]
[White "Kristiansen, Jens"]
[Black "Biyiasas, Peter"]
[Result "1/2-1/2"]
[WhiteElo "2395"]
[BlackElo "2450"]
[EventDate "1978.10.25"]
[WhiteTeam "Denmark"]
[BlackTeam "Canada"]
[PlyCount "55"]

1.e4 e5 2.Nf3 Nc6 3.Bb5 a6 4.Ba4 d6 5.O-O Bd7 6.d4 Nf6 7.c3 Qe7 8.Bc2 g6
9.dxe5 dxe5 10.a4 Nh5 11.b4 Nd8 12.Na3 f6 13.Nc4 Be6 14.Ne3 c6 15.Nd2 Nf7
16.Bb3 Rd8 17.b5 Nf4 18.bxa6 bxa6 19.Ba3 Qd7 20.Bxe6 Qxe6 21.Bxf8 Kxf8 22.
Qc2 Kg7 23.Ndc4 Rd3 24.Rfe1 Rhd8 25.Rad1 Ng5 26.Rxd3 Rxd3 27.f3 Rd7 28.Rd1
1/2-1/2

[Event "23rd olm final"]
[Site "Buenos Aires"]
[Date "1978.10.31"]
[Round "6.4"]
[White "Hoi, Carsten"]
[Black "Coudari, Camille"]
[Result "1-0"]
[WhiteElo "2340"]
[BlackElo "2285"]
[EventDate "1978.10.25"]
[WhiteTeam "Denmark"]
[BlackTeam "Canada"]
[PlyCount "139"]

1.d4 Nf6 2.c4 g6 3.Nc3 Bg7 4.e4 d6 5.f3 O-O 6.Be3 Nc6 7.Qd2 a6 8.Nge2 Rb8
9.g4 b5 10.O-O-O bxc4 11.h4 Nb4 12.Ng3 c5 13.h5 cxd4 14.Bxd4 Qa5 15.hxg6
e5 16.Ba7 Rb7 17.a3 Rxa7 18.axb4 Qxb4 19.g5 fxg6 20.gxf6 Rxf6 21.Qd5+ Kh8
22.Qxc4 Qxc4 23.Bxc4 h5 24.Rd3 Rc7 25.b3 Be6 26.Bxe6 Rxe6 27.Kb2 Rc6 28.
Nd5 Bh6 29.Rc3 Rxc3 30.Kxc3 Re8 31.Kd3 Rf8 32.Rf1 a5 33.Ne7 Kg7 34.Nc6 Rc8
35.Nxa5 Kf6 36.Nc4 Ke6 37.b4 Rb8 38.Kc3 h4 39.Ne2 d5 40.exd5+ Kxd5 41.Rg1
Rc8 42.Rd1+ Ke6 43.Ng1 Bf8 44.b5 Bc5 45.Nh3 Rf8 46.Rd3 Rc8 47.b6 Rb8 48.
Kd2 Bd4 49.Rb3 Kd5 50.Kd3 Rb7 51.Rb1 Rb8 52.b7 Kc6 53.Ke4 Kc7 54.Nxe5 Ba7
55.Nxg6 Rxb7 56.Rxb7+ Kxb7 57.f4 Kc6 58.f5 Bc5 59.Ke5 Kd7 60.Nxh4 Bd6+ 61.
Ke4 Ba3 62.Nf3 Ke7 63.Nf4 Kf7 64.Ne5+ Kg7 65.Nd5 Bd6 66.f6+ Kg8 67.Kf5 Bf8
68.Kg6 Ba3 69.f7+ Kh8 70.f8=Q+ 1-0

[Event "23rd olm final"]
[Site "Buenos Aires"]
[Date "1978.11.01"]
[Round "7.2"]
[White "Jakobsen, Ole"]
[Black "Sax, Gyula"]
[Result "1/2-1/2"]
[WhiteElo "2400"]
[BlackElo "2550"]
[EventDate "1978.10.25"]
[WhiteTeam "Denmark"]
[BlackTeam "Hungary"]
[PlyCount "41"]

1.e4 c5 2.Nf3 Nc6 3.d4 cxd4 4.Nxd4 Nf6 5.Nc3 e6 6.Nxc6 bxc6 7.e5 Nd5 8.Ne4
Qc7 9.f4 Qb6 10.Qd2 Ba6 11.Bxa6 Qxa6 12.Qe2 Qxe2+ 13.Kxe2 f5 14.Nf2 c5 15.
c4 Nb4 16.Bd2 Rb8 17.Rhc1 Rg8 18.h4 Be7 19.g3 Kf7 20.Bxb4 Rxb4 21.Nd3
1/2-1/2

[Event "23rd olm final"]
[Site "Buenos Aires"]
[Date "1978.11.02"]
[Round "8.1"]
[White "Hamann, Svend"]
[Black "Garcia Gonzales, Guillermo"]
[Result "0-1"]
[WhiteElo "2470"]
[BlackElo "2535"]
[EventDate "1978.10.25"]
[WhiteTeam "Denmark"]
[BlackTeam "Cuba"]
[PlyCount "88"]

1.c4 e6 2.d4 Nf6 3.Nf3 c5 4.e3 cxd4 5.exd4 d5 6.Nc3 Bb4 7.Bd3 dxc4 8.Bxc4
O-O 9.O-O Nbd7 10.Bg5 Bxc3 11.bxc3 Qc7 12.Bd3 Qxc3 13.Rc1 Qa5 14.Qe2 h6
15.Bh4 Nd5 16.Bb1 b6 17.Qe4 g6 18.Qg4 Kg7 19.Rfe1 N5f6 20.Qg3 Nh5 21.Qc7
Ndf6 22.g4 Nxg4 23.Be4 Ba6 24.Bxa8 Rxa8 25.h3 Qf5 26.Ne5 Nxe5 27.Qxe5+
Qxe5 28.dxe5 g5 29.Bg3 Bb7 30.Rc7 Bd5 31.a3 b5 32.Bh2 Kg6 33.Rb1 a6 34.f3
Rb8 35.Kf2 Rf8 36.h4 f6 37.hxg5 fxg5 38.Rc3 g4 39.Rg1 Bxf3 40.Ke3 Kg5 41.
Rc7 Bd5 42.Kd4 Rf2 43.Bg3 Nxg3 44.Rxg3 Kh4 0-1

[Event "23rd olm final"]
[Site "Buenos Aires"]
[Date "1978.11.02"]
[Round "8.2"]
[White "Rodriguez Cespedes, Amador"]
[Black "Jakobsen, Ole"]
[Result "1/2-1/2"]
[WhiteElo "2495"]
[BlackElo "2400"]
[EventDate "1978.10.25"]
[WhiteTeam "Cuba"]
[BlackTeam "Denmark"]
[PlyCount "36"]

1.e4 e5 2.Nf3 d6 3.d4 exd4 4.Nxd4 g6 5.Nc3 Bg7 6.Be3 Nf6 7.Qd2 O-O 8.O-O-O
Nc6 9.f3 Nxd4 10.Bxd4 Be6 11.Kb1 c5 12.Be3 Qa5 13.Nd5 Qxd2 14.Nxf6+ Bxf6
15.Rxd2 Be7 16.Bf4 Rfd8 17.Be2 d5 18.exd5 Rxd5 1/2-1/2

[Event "23rd olm final"]
[Site "Buenos Aires"]
[Date "1978.11.02"]
[Round "8.3"]
[White "Kristiansen, Jens"]
[Black "Garcia Martinez, Silvino"]
[Result "1/2-1/2"]
[WhiteElo "2395"]
[BlackElo "2435"]
[EventDate "1978.10.25"]
[WhiteTeam "Denmark"]
[BlackTeam "Cuba"]
[PlyCount "66"]

1.e4 c5 2.Nf3 Nc6 3.d4 cxd4 4.Nxd4 g6 5.c4 Bg7 6.Be3 Nf6 7.Nc3 d6 8.Be2
O-O 9.O-O Bd7 10.Qd2 Nxd4 11.Bxd4 Bc6 12.f3 a5 13.Rad1 Nd7 14.Bxg7 Kxg7
15.Nd5 Bxd5 16.exd5 Qb6+ 17.Kh1 Nc5 18.Qd4+ Kg8 19.Bd3 Rfe8 20.Rfe1 Qb4
21.Bb1 Rad8 22.Re3 e5 23.dxe6 Rxe6 24.a3 Qa4 25.Rxe6 Nxe6 26.Qd2 Qxc4 27.
Qxa5 d5 28.Qd2 Rc8 29.Kg1 Rc6 30.b4 Qb3 31.Ba2 Qxa3 32.Bxd5 Rd6 33.Qe1 Qb2
1/2-1/2

[Event "23rd olm final"]
[Site "Buenos Aires"]
[Date "1978.11.02"]
[Round "8.4"]
[White "Lebredo, Gerardo"]
[Black "Hoi, Carsten"]
[Result "0-1"]
[WhiteElo "2385"]
[BlackElo "2340"]
[EventDate "1978.10.25"]
[WhiteTeam "Cuba"]
[BlackTeam "Denmark"]
[PlyCount "138"]

1.Nf3 g6 2.g3 Bg7 3.d4 Nf6 4.Bg2 O-O 5.O-O d6 6.Nc3 c6 7.e4 Bg4 8.h3 Bxf3
9.Qxf3 Nbd7 10.Qe2 e5 11.dxe5 dxe5 12.Be3 Qe7 13.Qc4 Rfd8 14.Rfd1 Bf8 15.
a4 Nb6 16.Qb3 Qb4 17.Bf1 Qxb3 18.cxb3 Nbd7 19.Bc4 Bc5 20.Rf1 Kg7 21.Rae1
Bxe3 22.Rxe3 Nb6 23.f4 Nxc4 24.bxc4 Rd2 25.Ref3 Nd7 26.f5 f6 27.fxg6 hxg6
28.b3 a5 29.g4 Rf8 30.h4 Rh8 31.Rh3 Nc5 32.h5 Nxb3 33.Rhf3 Rd6 34.g5 Rxh5
35.gxf6+ Kf7 36.Nb5 Rg5+ 37.Kh1 cxb5 38.Rxb3 b4 39.Rh3 Rxf6 40.Rh7+ Ke6
41.Rxf6+ Kxf6 42.Rxb7 Rg4 43.Rb5 Rxe4 44.c5 Kf5 45.Rxa5 b3 46.Kg2 b2 47.
Rb5 Rxa4 48.Rxb2 Rc4 49.Rb5 e4 50.Kf2 Kf4 51.Rb6 Rc2+ 52.Ke1 g5 53.Rc6 Ke3
54.Kd1 Rc4 55.Rc8 g4 56.c6 g3 57.c7 Rc6 58.Rg8 Rxc7 59.Rxg3+ Kf2 60.Rg8
Rd7+ 61.Kc2 e3 62.Rf8+ Ke1 63.Kc3 e2 64.Kc2 Rc7+ 65.Kb3 Rc5 66.Rf7 Kd2 67.
Rd7+ Ke3 68.Re7+ Kd3 69.Kb2 Rc4 0-1

[Event "23rd olm final"]
[Site "Buenos Aires"]
[Date "1978.11.03"]
[Round "9.2"]
[White "Lein, Anatoly"]
[Black "Kristiansen, Jens"]
[Result "1-0"]
[WhiteElo "2505"]
[BlackElo "2395"]
[EventDate "1978.10.25"]
[WhiteTeam "United States"]
[BlackTeam "Denmark"]
[PlyCount "146"]

1.e4 e5 2.Nf3 Nc6 3.Bb5 d6 4.d4 Bd7 5.Nc3 exd4 6.Nxd4 g6 7.Be3 Bg7 8.Qd2
Nf6 9.f3 O-O 10.O-O-O Nxd4 11.Bxd4 Be6 12.g4 c5 13.Be3 a6 14.Be2 Qa5 15.
Bh6 Bxh6 16.Qxh6 Bxa2 17.h4 b5 18.h5 b4 19.Nb1 Qc7 20.g5 Nxh5 21.f4 f5 22.
Bxh5 gxh5 23.g6 Qg7 24.gxh7+ Kh8 25.Qxh5 Qg4 26.Nd2 Qxh5 27.Rxh5 Be6 28.
Rh6 Rae8 29.exf5 Bxf5 30.Rxd6 Bxh7 31.Rc6 Rc8 32.Rxc8 Rxc8 33.b3 Kg7 34.
Nc4 Kf6 35.Ne3 Ke7 36.Rd5 Bg8 37.Re5+ Kd7 38.Rg5 Bf7 39.Rg7 Ke6 40.Nc4 Rg8
41.Rh7 Rg1+ 42.Kb2 Rf1 43.Rh4 Kf6 44.Ne5 Be6 45.Rh6+ Kf5 46.Nc6 Bf7 47.Na5
Bg6 48.Rh8 Rxf4 49.Rc8 Ke4 50.Rxc5 Rf5 51.Nb7 Ke3 52.Rc6 Rb5 53.Nd6 Be4
54.Rxa6 Rb8 55.Ra7 Bd5 56.Re7+ Kd4 57.Nf5+ Kc5 58.Re5 Kc6 59.Kc1 Bg8 60.
Kd2 Rd8+ 61.Ke3 Kb6 62.Nd4 Bd5 63.Ne2 Bg8 64.Re4 Kb5 65.Re7 Bd5 66.Nf4 Kc6
67.Re5 Bf7 68.Nd3 Rh8 69.Re4 Rh3+ 70.Kd2 Rh2+ 71.Kc1 Rh3 72.Rxb4 Kd6 73.
Kd2 Rg3 1-0

[Event "23rd olm final"]
[Site "Buenos Aires"]
[Date "1978.11.03"]
[Round "9.3"]
[White "Fedder, Steen"]
[Black "Tarjan, James Edward"]
[Result "0-1"]
[WhiteElo "2400"]
[BlackElo "2510"]
[EventDate "1978.10.25"]
[WhiteTeam "Denmark"]
[BlackTeam "United States"]
[PlyCount "64"]

1.d4 Nf6 2.c4 e6 3.g3 c5 4.Nf3 cxd4 5.Nxd4 Qc7 6.Nc3 a6 7.Qd3 Nc6 8.Nxc6
Qxc6 9.f3 b6 10.e4 Bb7 11.Be2 Be7 12.Be3 O-O 13.Rc1 d6 14.O-O Qc7 15.Bf2
Nd7 16.Qe3 Rab8 17.Rfd1 Rfe8 18.b4 h6 19.f4 Ba8 20.a3 Red8 21.Bf3 Rdc8 22.
Ne2 Qa7 23.h3 Rc7 24.Qd3 Rbc8 25.Nd4 Bb7 26.Kg2 Qa8 27.Nb3 e5 28.f5 Bc6
29.Re1 b5 30.Na5 bxc4 31.Qxc4 Ba4 32.Qd3 Rxc1 0-1

[Event "23rd olm final"]
[Site "Buenos Aires"]
[Date "1978.11.04"]
[Round "10.1"]
[White "Korchnoi, Viktor"]
[Black "Hamann, Svend"]
[Result "1/2-1/2"]
[WhiteElo "2665"]
[BlackElo "2470"]
[EventDate "1978.10.25"]
[WhiteTeam "Switzerland"]
[BlackTeam "Denmark"]
[PlyCount "136"]

1.d4 Nf6 2.c4 e6 3.Nc3 Bb4 4.e3 b6 5.f3 O-O 6.e4 Nc6 7.Ne2 Ba6 8.a3 Be7 9.
Ng3 Ne8 10.b4 Bb7 11.Be2 f5 12.exf5 exf5 13.Nd5 Bh4 14.O-O Nf6 15.Nf4 g6
16.d5 Ne5 17.Qd4 Ne8 18.Bb2 Bf6 19.Qd2 Ng7 20.d6 cxd6 21.Nd5 Bxd5 22.Qxd5+
Nf7 23.Qd2 Bxb2 24.Qxb2 Qe7 25.f4 Rae8 26.Rad1 h5 27.Rf2 Nh6 28.h3 Kh7 29.
Bf3 Ng8 30.Qd2 Nf6 31.Re2 Qf7 32.Qxd6 h4 33.Nf1 Rxe2 34.Bxe2 Re8 35.Bf3
Rc8 36.Ne3 Qe6 37.Qd2 Re8 38.Re1 Ne4 39.Qd4 Qd6 40.Qxd6 Nxd6 41.Rd1 Rxe3
42.Rxd6 Re7 43.Kf2 Ne6 44.g3 hxg3+ 45.Kxg3 Nf8 46.Rd3 Re1 47.Rc3 Ra1 48.
Bd5 Kg7 49.Kf3 Kf6 50.c5 bxc5 51.bxc5 Rd1 52.c6 dxc6 53.Rxc6+ Ke7 54.Bc4
Rc1 55.Bb5 Rxc6 56.Bxc6 Ne6 57.Bd5 Nd4+ 58.Kf2 Kf6 59.h4 Kg7 60.a4 Kh6 61.
Ke3 Nc2+ 62.Kd2 Nb4 63.Bf3 Na6 64.a5 Nc5 65.Kc3 Ne6 66.Kc4 Nxf4 67.Kb5 Ne6
68.Ka6 Nc5+ 1/2-1/2

[Event "23rd olm final"]
[Site "Buenos Aires"]
[Date "1978.11.04"]
[Round "10.3"]
[White "Lombard, Andre"]
[Black "Fedder, Steen"]
[Result "0-1"]
[WhiteElo "2400"]
[BlackElo "2400"]
[EventDate "1978.10.25"]
[WhiteTeam "Switzerland"]
[BlackTeam "Denmark"]
[PlyCount "70"]

1.d4 Nf6 2.c4 g6 3.Nc3 d5 4.Nf3 Bg7 5.Bf4 O-O 6.Rc1 dxc4 7.e4 Bg4 8.d5 c6
9.Bxc4 Qb6 10.h3 cxd5 11.exd5 Qb4 12.Qb3 Qxb3 13.Bxb3 Bxf3 14.gxf3 Nbd7
15.O-O Nh5 16.Be3 Ne5 17.Ne4 Nxf3+ 18.Kh1 Be5 19.Bc5 Nf6 20.Nc3 Bd6 21.
Bxd6 exd6 22.Nb5 Rfd8 23.Rc7 a6 24.Na3 Rd7 25.Rxd7 Nxd7 26.Nc4 Nc5 27.Bd1
Ne5 28.Nxd6 Rd8 29.f4 Ned3 30.Nc4 Rxd5 31.Be2 Rd4 32.Bxd3 Nxd3 33.Na5 b6
34.Nc6 Rxf4 35.Rxf4 Nxf4 0-1

[Event "23rd olm final"]
[Site "Buenos Aires"]
[Date "1978.11.04"]
[Round "10.4"]
[White "Hoi, Carsten"]
[Black "Wirthensohn, Heinz"]
[Result "1/2-1/2"]
[WhiteElo "2340"]
[BlackElo "2410"]
[EventDate "1978.10.25"]
[WhiteTeam "Denmark"]
[BlackTeam "Switzerland"]
[PlyCount "37"]

1.d4 Nf6 2.c4 e6 3.Nc3 Bb4 4.e3 d5 5.Nf3 c5 6.Bd3 dxc4 7.Bxc4 a6 8.a4 Qa5
9.Bd2 Nbd7 10.O-O O-O 11.Qe2 Nb6 12.Bb3 cxd4 13.exd4 Bd7 14.Ne5 Bc6 15.
Rfd1 Nbd5 16.Rac1 Qb6 17.Nxd5 Bxd5 18.Bxd5 Bxd2 19.Qxd2 1/2-1/2

[Event "23rd olm final"]
[Site "Buenos Aires"]
[Date "1978.11.06"]
[Round "11.1"]
[White "Hamann, Svend"]
[Black "Stean, Michael Francis"]
[Result "1/2-1/2"]
[WhiteElo "2470"]
[BlackElo "2510"]
[EventDate "1978.10.25"]
[WhiteTeam "Denmark"]
[BlackTeam "England"]
[PlyCount "55"]

1.Nf3 Nf6 2.c4 b6 3.g3 Bb7 4.Bg2 e6 5.O-O Be7 6.d4 O-O 7.Nc3 Ne4 8.Qc2
Nxc3 9.Qxc3 f5 10.b3 Bf6 11.Bb2 d6 12.Ne1 Bxg2 13.Nxg2 Nc6 14.Qd2 e5 15.
dxe5 dxe5 16.Rad1 Qe8 17.Qc2 Bg5 18.a3 Qe6 19.Rd5 Rae8 20.e3 Bf6 21.Rfd1
Rf7 22.b4 Ne7 23.R5d2 Ng6 24.c5 b5 25.Qd3 a6 26.Qd5 Qxd5 27.Rxd5 Ne7 28.
R5d2 1/2-1/2

[Event "23rd olm final"]
[Site "Buenos Aires"]
[Date "1978.11.06"]
[Round "11.3"]
[White "Fedder, Steen"]
[Black "Hartston, William Roland"]
[Result "0-1"]
[WhiteElo "2400"]
[BlackElo "2475"]
[EventDate "1978.10.25"]
[WhiteTeam "Denmark"]
[BlackTeam "England"]
[PlyCount "168"]

1.d4 Nf6 2.c4 c5 3.d5 e5 4.Nc3 d6 5.e4 Be7 6.Be2 Nbd7 7.Nf3 O-O 8.a3 a6 9.
b4 b5 10.cxb5 axb5 11.Bg5 cxb4 12.axb4 Rxa1 13.Qxa1 Nxd5 14.Bxe7 Nxe7 15.
Bxb5 Nf6 16.O-O Bb7 17.Nd2 d5 18.Na4 dxe4 19.Nc4 Ned5 20.Nc5 Ba8 21.Qxe5
Nxb4 22.Ne3 Qb8 23.Qxb8 Rxb8 24.Ra1 Nbd5 25.Nd7 Nxd7 26.Bxd7 Nxe3 27.fxe3
g6 28.Bg4 Bd5 29.Be2 Rb2 30.Kf1 Kg7 31.Ra5 Be6 32.Ra4 Bd5 33.Ra5 Ba2 34.
Ra4 Bb1 35.Rd4 Kf6 36.Rd6+ Ke7 37.Rd4 f5 38.h4 Kf6 39.Rd6+ Ke5 40.Rd8 Ke6
41.Rd4 Kf6 42.Rd6+ Ke7 43.Rd4 h6 44.Rd5 Kf6 45.Rd6+ Ke5 46.Rd8 g5 47.hxg5
hxg5 48.Re8+ Kd5 49.Rd8+ Ke6 50.g3 Rc2 51.Rd1 Ba2 52.Rd8 Rc3 53.Kf2 Bb1
54.Re8+ Kd6 55.Rd8+ Ke7 56.Ra8 Bd3 57.Ra2 Kf6 58.Rb2 Ra3 59.Ke1 Ke5 60.Kd2
Kd5 61.Bxd3 Rxd3+ 62.Ke2 Kc4 63.Rb8 Rd5 64.Rc8+ Rc5 65.Rg8 g4 66.Kd2 Rb5
67.Rc8+ Kb3 68.Rc3+ Kb4 69.Rc8 Rd5+ 70.Ke2 Rc5 71.Ra8 Rc2+ 72.Kf1 Kc3 73.
Ra3+ Kd2 74.Kf2 Rb2 75.Kf1 Kc2 76.Kf2 Kd1+ 77.Kf1 Kd2 78.Ra5 Kxe3 79.Rxf5
Rb3 80.Rf4 Kd3 81.Rf8 Rb1+ 82.Kg2 Rb2+ 83.Kg1 e3 84.Rd8+ Ke4 0-1